Top Pornography Hosting Countries - Statistics

General Stats
  • This quiz has been taken 664 times
  • The average score is 13 of 20
Answer Stats
Rank World % # of Pages Answer % Correct
1 60% 428.3 million United States
98%
5 0.78% 5.5 million France
90%
18 n/a 638 thous. Russia
87%
3 7% 52.2 million United Kingdom
87%
4 1% 8.2 million Germany
86%
6 0.3% 2.3 million Canada
85%
9 0.21% 1.4 million British Virgin Isl.
83%
13 n/a 935 thous. Spain
83%
7 0.27% 2.2 million Japan
81%
8 0.24% 1.9 million Australia
69%
20 n/a 505 thous. Poland
64%
2 26% 187.2 million Netherlands
52%
10 0.21% 1.4 million Czech Republic
50%
11 n/a 1.1 million Ukraine
49%
17 n/a 728 thous. Belgium
48%
15 n/a 769 thous. Austria
45%
19 n/a 583 thous. Hungary
43%
16 n/a 766 thous. Switzerland
42%
12 n/a 935 thous. Taiwan
20%
14 n/a 889 thous. Bahamas
6%
No matching quizzes found
Score Distribution
Percent of People with Each Score
Percentile by Number Answered
Your Score History
You have not taken this quiz